000 00621nam a2200229Ia 4500
003 OSt
005 20220928120722.0
006 a|||||r|||| 00| 0
007 ta
008 220927b |||||||| |||| 00| 0 hin d
024 _a62869
037 _cTextual
040 _aSDCL
_cSDCL
_bhin
041 _2hin
_ahin
082 _aO15,1:g(P:75), M9
100 _aThakurdut Joshi
_9450746
245 0 _aBhartiya kavya - shastra mai lakshan
260 _aJodhpur
_bBooks Traser
_c1989
300 _axii,424p.
_ccm.
942 _hO15,1:g(P:75), M9
_cTEXL
_2CC
999 _c764904
_d764904